1932 1764 1692 1818 1571 1649 1847 1609 1583 1342 1816 1725 1327 1139 1608 1073 1765 1272 1242 1718 1952 1532 1698 1502 1161 1584 1697 1784 1274 1400 1256 1422 1310 1477 1785 1366 1561 1535 1039 1539 1882 1178 1433 1602 1884 1589 1475 1160 1706 1337 1832 1226 1601 1652 1799 1842 1314 1258 1981 1454 1863 1003 1054 1122 1801 1250 1162 1024 1238 1403 1867 1717 1263 1928 1835 1108 1425 1034 1275 1240 1616 1707 1968 1541 1406 1243 1188 1453 1935 1696 1763 1466 1916 1667 1658 1266 1397 1051 1705 BCNSPRNW ULIB Ver.6.0+V

เปลี่ยนเป็นภาษาไทย

Change to English
 แสดงรายละเอียดบรรณานุกรม
  กลับหน้าหลัก

Brief Record : Get Marc (ISO 2709) : E-mail record : QR code < ปิดหน้าต่าง
LEADER : 00000nam 2200000uu 4500
001    13399108518
003     ULIB
008    110306s2552||||th 000 0 tha d
020    9786115070060(ล.1)
060 04 QV766^bภ492ค ล.1 2552
100 0  ภาสกิจ (วิทวัส) วัณนาวิบูล
245 10 คู่มือสมุนไพรจีนกับการรักษาทางคลินิก /^cโดย ภาสกิจ(วิทวัส) วัณนาวิบูล
260    กรุงเทพฯ :^bหมอชาวบ้าน,^c2552
300    215 หน้า :^bภาพประกอบ ;^c21 ซม.
650  7 การรักษาด้วยสมุนไพร
650  7 สมุนไพร^zจีน
650  7 ยาสมุนไพร
945    ^p180^l0^i025235
945    ^p180^l0^i025234
995    ทศพร
999 ^a ใช้งานได้ทุกระบบ
รายการนี้ยังไม่มีแท็ก
คุณยังไม่ได้ล็อกอิน คุณสามารถมีกิจกรรมร่วมกับเว็บไซต์ได้ แต่ต้องล็อกอินก่อน ::
  ล็อกอิน

รายการสื่อสารสนเทศ

ลำดับที่ ประเภท เลขเรียก/บาร์โค้ด สถานที่ สถานะ
- ไม่พบข้อมูล -

รายการใกล้เคียง
    ผู้แต่ง [ภาสกิจ (วิทวัส) วัณนาวิบูล]

    หัวเรื่อง [การรักษาด้วยสมุนไพร]
    หัวเรื่อง [ยาสมุนไพร]

BibComment


ยังไม่เคยถูกคอมเมนท์

คอมเมนท์ทรัพยากรรายการนี้
  คอมเมนท์: คู่มือสมุนไพรจีนก..


 Copyright 2026. Bcnsprnw @Library